Contra la tercera edad : por una sociedad para todas las edades /

Estudio que presenta un análisis general de las condiciones sociales y económicas de las personas que la sociedad capitalista considera como ancianos, así como los criterios que dan cuenta de los intereses creados para la promoción de estas concepciones discriminatorias y alternativas de políticas s...

وصف كامل

محفوظ في:
التفاصيل البيبلوغرافية
المؤلف الرئيسي: Riera, Josep Maria (autor)
التنسيق: كتاب
اللغة:الإسبانية
منشور في: Barcelona, España : Icaria, 2005, c2005
سلاسل:(Academeia ; Sociedad y Opinión) 57.
الموضوعات:
الوسوم: إضافة وسم
لا توجد وسوم, كن أول من يضع وسما على هذه التسجيلة!

MARC

LEADER 00000nam^a2200000^a^4500
001 000189898
005 20250521000000.0
009 20260310102429.381
020 |a 84-7426-821-4 
037 |a Acervo ITESO - Biblioteca 
041 |a ESP 
082 |a 618. 97  |b RIE 
100 |a Riera, Josep Maria  |e (autor) 
245 1 0 |a Contra la tercera edad :  |b por una sociedad para todas las edades /  |c J.M. Riera ; pról. de Jesús Caldera Sánchez-Capitán. 
264 4 |a Barcelona, España :  |b Icaria,  |c 2005, c2005 
300 |a 231 p. 
336 |a texto  |b txt  |2 rdacontenido 
337 |a sin mediación  |b n  |2 rdamedio 
338 |a volumen  |b nc  |2 rdasoporte 
440 |a (Academeia ;  |v 57.  |p Sociedad y Opinión) 
520 |a Estudio que presenta un análisis general de las condiciones sociales y económicas de las personas que la sociedad capitalista considera como ancianos, así como los criterios que dan cuenta de los intereses creados para la promoción de estas concepciones discriminatorias y alternativas de políticas sociales para afrontarlas bajo el supuesto de la existencia de una interrelación de las edades con igualdad de oportunidades. 
649 |a XX 
650 |a Ancianos -  |x Condiciones Sociales y Culturales -  |x Tema Principal 
650 |a Ancianos -  |x Condiciones Económicas 
650 |a Pobreza 
650 |a Igualdad y Desigualdad 
650 |a Jubilaciones y Pensiones 
650 |a Seguridad Social 
650 |a Empleo y Desempleo 
650 |a Discriminación 
650 |a Natalidad 
650 |a Esperanza de Vida 
650 |a Población 
650 |a Demografía 
650 |a Política Social 
650 |a Políticas Públicas 
650 |a Problemas Sociales 
650 |a Sociología 
650 |a Gerontología 
910 |a Fondo General 
920 |a Impresos - Libros 
930 |a Colección General 
905 |a 101 
901 |a 0500133247  |b IT1  |c ACC  |u 20250521 
902 |a https://opac.biblio.iteso.mx/vufind/Record/000189898